All Formula One Driver Numbers From 2014 Onwards - Statistics

General Stats
  • This quiz has been taken 447 times
    98 since last reset
  • The average score is 47 of 67
Answer Stats
Number Used in Country Answer % Correct
1 2022- Netherlands Max Verstappen
100%
33 2015-2021* Netherlands Max Verstappen
100%
1 2014 Germany Sebastian Vettel
100%
5 2015-2022 Germany Sebastian Vettel
100%
3 2014-2024 Australia Daniel Ricciardo
99%
4 2019- Great Britain Lando Norris
97%
2 2023-2024 United States Logan Sargeant
95%
16 2018- Monaco Charles Leclerc
94%
7 2014-2021 Finland Kimi Räikkönen
94%
10 2017- France Pierre Gasly
94%
11 2014- Mexico Sergio Pérez
94%
14 2014-2018/2021- Spain Fernando Alonso
91%
18 2017- Canada Lance Stroll
90%
31 2016-2018/2020- France Esteban Ocon
89%
22 2021- Japan Yuki Tsunoda
89%
23 2019-2020/2022- Thailand Alexander Albon
87%
20 2014-2020/2022- Denmark Kevin Magnussen
87%
6 2020-2022 Canada Nicholas Latifi
87%
6 2014-2016 Germany Nico Rosberg
86%
9 2021 Russia Nikita Mazepin
86%
8 2014-2020 France Romain Grosjean
85%
55 2015- Spain Carlos Sainz Jr.
84%
27 2014-2020/2022- Germany Nico Hülkenberg
84%
17† 2014 France Jules Bianchi
82%
21 2023 Netherlands Nyck De Vries
82%
45 2022 Netherlands Nyck De Vries
82%
26 2014-2017/2019-2020 Russia Daniil Kvyat
81%
19 2014-2017 Brazil Felipe Massa
81%
24 2022- China Guanyu Zhou
81%
63 2019- Great Britain George Russell
80%
36 2017 Italy Antonio Giovinazzi
78%
99 2019-2021 Italy Antonio Giovinazzi
78%
44 2014- Great Britain Lewis Hamilton
78%
40 2023 New Zealand Liam Lawson
78%
2 2017-2018 Belgium Stoffel Vandoorne
78%
47 2016 Belgium Stoffel Vandoorne
78%
77 2014- Finland Valtteri Bottas
77%
9 2014-2018 Sweeden Marcus Ericsson
75%
43 2024- Argentina Franco Colapinto
73%
13 2014-2015 Venezuela Pastor Maldonado
73%
22 2014-2017 Great Britain Jenson Button
72%
81 2023- Australia Oscar Piastri
72%
10 2014 Japan Kamui Kobayashi
65%
88 2019/2021 Poland Robert Kubica
65%
47 2021-2022 Germany Mick Schumacher
63%
38 2024 Great Britain Oliver Bearman
63%
50 2024 Great Britain Oliver Bearman
63%
28 2017-2018 New Zealand Brendon Hartley
54%
39 2017 New Zealand Brendon Hartley
54%
21 2014/2016 Mexico Esteban Gutiérrez
53%
12 2015-2016 Brazil Felipe Nasr
52%
35 2018 Russia Sergey Sirotkin
52%
89 2020 Great Britain Jack Aitken
51%
51 2020 Brazil Pietro Fittipaldi
48%
4 2014 Great Britain Max Chilton
43%
30 2016-2017 Great Britain Jolyon Palmer
42%
94 2016-2017 Germany Pascal Wehrlein
41%
88 2016 Indonesia Rio Haryanto
39%
25 2014 France Jean-Éric Vergne
38%
99 2014 Germany Adrian Sutil
34%
40 2017 Great Britain Paul Di Resta
34%
42 2014 United States Alexander Rossi
33%
53 2015 United States Alexander Rossi
33%
28 2015 Great Britain Will Stevens
30%
46 2014 Great Britain Will Stevens
30%
98 2015 Spain Roberto Merhi
28%
45 2014 Germany André Lotterer
22%
No matching quizzes found
Score Distribution
Percent of People with Each Score
Percentile by Number Answered
Your Score History
You have not taken this quiz since the last reset